| 000 | 00586nam a22002177i 4500 | ||
|---|---|---|---|
| 003 | URS | ||
| 005 | 20220114152614.0 | ||
| 008 | 170302b xxu||||| |||| 00| 0 eng d | ||
| 020 | _a0876855133 | ||
| 040 |
_erda _cURSP-College Library _beng |
||
| 050 | 0 | 0 | _bL5851 1981 |
| 100 | 1 | _aLewis, Wyndham | |
| 245 |
_aThe Apes of God _cWyndham Lewis |
||
| 264 | 1 |
_aSanta Barbara _bBlack Sparrow Press _c1981. |
|
| 300 |
_a638pages _c23cm. |
||
| 336 |
_atext _btxt _2rdacontent |
||
| 337 |
_aunmediated _bn _2rdamedia |
||
| 338 |
_avolume _bnc _2rdacarrier |
||
| 500 | _aIncludes | ||
| 942 |
_2lcc _cFR |
||
| 999 |
_c7033 _d7033 |
||